The Berlaymonster's back! (Record no. 74677)
[ view plain ]
| 000 -LEADER | |
|---|---|
| fixed length control field | 01042cab a2200229 4500 |
| 001 - CONTROL NUMBER | |
| control field | ABS68504 |
| 008 - FIXED-LENGTH DATA ELEMENTS--GENERAL INFORMATION | |
| fixed length control field | 041215n2004 000 0 eng u |
| 035 ## - SYSTEM CONTROL NUMBER | |
| System control number | (Sirsi) u128315 |
| 100 ## - MAIN ENTRY--PERSONAL NAME | |
| Personal name | Lane, T. |
| 245 #4 - TITLE STATEMENT | |
| Title | The Berlaymonster's back! |
| 260 ## - PUBLICATION, DISTRIBUTION, ETC. | |
| Date of publication, distribution, etc. | 2004 |
| 490 ## - SERIES STATEMENT | |
| Series statement | Building |
| Volume/sequential designation | 269(8360) 3 December 2004, 37-42(6) |
| 520 ## - SUMMARY, ETC. | |
| Summary, etc. | Examines the causes of the five-year delay to the new European Commission's headquarters in Brussels. Notes that it is perhaps easy to blame the Commission itself for the delay but this is not the case as the responsibility for the refurbishment lies with the owner which is the Belgian government. One of the reasons for the delay was the discovery of asbestos in the building; its removal cost three times as much as the original estimate. |
| 590 ## - LOCAL NOTE (RLIN) | |
| Local note | ABS |
| 650 ## - SUBJECT ADDED ENTRY--TOPICAL TERM | |
| Topical term or geographic name entry element | EUROPEAN UNION |
| 650 ## - SUBJECT ADDED ENTRY--TOPICAL TERM | |
| Topical term or geographic name entry element | HEADQUARTERS BUILDINGS |
| 650 ## - SUBJECT ADDED ENTRY--TOPICAL TERM | |
| Topical term or geographic name entry element | COST CONTROL |
| 650 ## - SUBJECT ADDED ENTRY--TOPICAL TERM | |
| Topical term or geographic name entry element | BRUSSELS |
| 650 ## - SUBJECT ADDED ENTRY--TOPICAL TERM | |
| Topical term or geographic name entry element | MANAGEMENT-HEALTH AND SAFETY-HAZARDOUS SUBSTANCES-ASBESTOS |
| 690 ## - LOCAL SUBJECT ADDED ENTRY--TOPICAL TERM (OCLC, RLIN) | |
| Topical term or geographic name as entry element | Refurbishment |
| 9 (RLIN) | 6264 |
| 942 ## - ADDED ENTRY ELEMENTS (KOHA) | |
| Suppress in OPAC | 0 |
| Withdrawn status | Lost status | Source of classification or shelving scheme | Damaged status | Not for loan | Home library | Current library | Shelving location | Date acquired | Total Checkouts | Full call number | Barcode | Date last seen | Copy number | Price effective from | Koha item type |
|---|---|---|---|---|---|---|---|---|---|---|---|---|---|---|---|
| Dewey Decimal Classification | London | London | Journal article | 15/12/2004 | ABS68504 | 128315-1001 | 06/08/2019 | 1 | 06/08/2019 | Journal article |